01494 2200217 4500001002100000005001500021008004100036020001900077035001900096041000800115082001200123084001800135100002400153245005900177250000600236260004100242300002700283520089000310650003401200650004201234INLIS00000000000139920200508201443200508||||||||| | ||| |||| ||eng|| a983-2631-21-1x 0010-0520001399 aeng0 a343.595 a343.595/XXX/T0 aArjunan Subramaniam00aTax Treaties : Arjunan On Malaysian Revenue Laws 07531 a1 aSelangorbSweet & Maxwell Asiac2005 a1-4651 p. ; 28cmc28cm aThis publication is an invaluable repository of revenue law source materials which will be welcomed by tax practitioners. Covering the entire breadth of Malaysian revenue law, it is a comprehensive source of information needed by tax professionals. The looseleaf format of this publication ensures that it can be regularly updated to bring to readers new information in the dynamic field of revenue law. Arjunan on Malaysian Revenue Laws will be updated twice annually and supplemented with an annual Budget Commentary. This volume (6) is the first of two part of Tax Treaties topics in Arjunan On Malaysian Revenue Laws. Its contains the introductions of cross border transactions, role of relief agreements, basic principles of DTA, permanent establishment, relief from taxation, royalty income, exchange of information, double taxation relief, devidends, shipping and air transport. 0aInternal Revenue Law-Malaysia 0aTaxation-Law and Legislation-Malaysia